[Event "Werther Schloss op 27th"]
[Site "Werther"]
[Date "2024.03.24"]
[Round "7"]
[White "Bennemann, Ingmar"]
[Black "Giel, Olaf"]
[Result "1-0"]
[WhiteElo "1998"]
[BlackElo "2099"]
[PlyCount "35"]
[EventDate "2024.03.21"]
[EventType "swiss"]
[EventRounds "7"]
[EventCountry "GER"]
[SourceTitle "CB13_2024"]
[SourceDate "2024.03.27"]
[SourceVersion "1"]
[SourceVersionDate "2024.03.27"]
[SourceQuality "1"]

1. d4 Nf6 2. Nf3 d5 3. c4 e6 4. Bg5 Be7 5. e3 0-0 6. Nc3 b6 7. Qc2 Bb7 8. Bxf6 Bxf6 9. cxd5 exd5 10. Bd3 g6 11. h4 c5 12. h5 c4 13. Bxg6 fxg6 14. hxg6 Bg7 15. gxh7+ Kf7 16. Rh5 Bf6 17. Qf5 Kg7 18. Ne5 1-0

[Event "Werther Schloss op 27th"]
[Site "Werther"]
[Date "2024.03.22"]
[Round "2"]
[White "Bennemann, Ingmar"]
[Black "Brunke, Pascal"]
[Result "1/2-1/2"]
[WhiteElo "1998"]
[BlackElo "2267"]
[PlyCount "58"]
[EventDate "2024.03.21"]
[EventType "swiss"]
[EventRounds "7"]
[EventCountry "GER"]
[SourceTitle "CB13_2024"]
[SourceDate "2024.03.27"]
[SourceVersion "1"]
[SourceVersionDate "2024.03.27"]
[SourceQuality "1"]

1. d4 Nf6 2. Nf3 d5 3. c4 e6 4. Bg5 Be7 5. e3 0-0 6. Nc3 h6 7. Bxf6 Bxf6 8. Rc1 dxc4 9. Bxc4 Nd7 10. 0-0 c5 11. Qe2 cxd4 12. exd4 Nb6 13. Bd3 Nd5 14. Qe4 g6 15. h4 Bg7 16. Nxd5 exd5 17. Qf4 Qf6 18. Qg3 Bf5 19. Bxf5 Qxf5 20. Rfe1 Bf6 21. Qc7 b6 22. Rc6 Rac8 23. Qd6 Kg7 24. Rc7 Rfd8 25. Qc6 Rxc7 26. Qxc7 Qd7 27. Qf4 Re8 28. Ne5 Qa4 29. Re3 Bxe5 1/2-1/2

[Event "Niedersachsen-ch"]
[Site "Verden an der Aller"]
[Date "2024.01.07"]
[Round "7"]
[White "Sauer, Tim"]
[Black "Bennemann, Ingmar"]
[Result "0-1"]
[WhiteElo "2126"]
[BlackElo "1971"]
[PlyCount "84"]
[EventDate "2024.01.04"]
[EventType "swiss"]
[EventRounds "7"]
[EventCountry "GER"]
[SourceTitle "CB02_2024"]
[SourceDate "2024.01.10"]
[SourceVersion "1"]
[SourceVersionDate "2024.01.10"]
[SourceQuality "1"]

1. d4 Nf6 2. c4 g6 3. Nc3 d5 4. cxd5 Nxd5 5. Bd2 Bg7 6. e4 Nxc3 7. Bxc3 Nd7 8. Bc4 c5 9. Ne2 0-0 10. 0-0 cxd4 11. Bxd4 Ne5 12. Bb3 Nc6 13. Bxg7 Kxg7 14. Qc1 e5 15. Bd5 Bg4 16. f3 Bd7 17. Qe3 Rc8 18. a3 b6 19. Rac1 Qf6 20. Qb3 Qg5 21. Kh1 Nd4 22. Qd3 Nxe2 23. Rxc8 Nf4 24. Qd2 Rxc8 25. g3 Ne6 26. f4 exf4 27. gxf4 Qf6 28. f5 Bc6 29. Bxc6 Rxc6 30. Qg2 Nd4 31. fxg6 Qxg6 32. Qxg6+ hxg6 33. Rd1 Ne6 34. Rd7 Rc7 35. Rd2 Kf6 36. Kg2 Ke5 37. Kf3 Ng5+ 38. Ke3 Nxe4 39. Rd8 Nf6 40. Rf8 Re7 41. b3 Ke6 42. h3 Re8 0-1

[Event "Niedersachsen-ch"]
[Site "Verden an der Aller"]
[Date "2024.01.06"]
[Round "5"]
[White "Oest, Thorsten"]
[Black "Bennemann, Ingmar"]
[Result "0-1"]
[WhiteElo "1981"]
[BlackElo "1971"]
[PlyCount "56"]
[EventDate "2024.01.04"]
[EventType "swiss"]
[EventRounds "7"]
[EventCountry "GER"]
[SourceTitle "CB02_2024"]
[SourceDate "2024.01.10"]
[SourceVersion "1"]
[SourceVersionDate "2024.01.10"]
[SourceQuality "1"]

1. e4 e6 2. d4 d5 3. e5 c5 4. c3 Nc6 5. Nf3 Nge7 6. dxc5 Ng6 7. b4 Bd7 8. Be2 a5 9. Nd4 Ncxe5 10. 0-0 b6 11. f4 bxc5 12. fxe5 cxd4 13. Qxd4 Qb8 14. Qf2 Nxe5 15. Bh5 g6 16. Qf6 Rg8 17. Be2 Bg7 18. Qh4 axb4 19. Qxh7 Kf8 20. Bh6 Bxh6 21. Qxh6+ Ke8 22. Qf4 f5 23. cxb4 g5 24. Qd2 Rh8 25. Qxg5 Qxb4 26. Qf6 Qd4+ 27. Kh1 Rxh2+ 28. Kxh2 Ng4+ 0-1

[Event "Verden op-A"]
[Site "Verden"]
[Date "2023.01.07"]
[Round "5"]
[White "Bennemann, Ingmar"]
[Black "Wagner, Julian"]
[Result "1-0"]
[WhiteElo "2010"]
[BlackElo "2155"]
[PlyCount "37"]
[EventDate "2023.01.05"]
[EventType "swiss"]
[EventRounds "7"]
[EventCountry "GER"]
[SourceTitle "CBM 212 Extra"]
[Source "ChessBase"]
[SourceDate "2023.03.31"]
[SourceVersion "1"]
[SourceVersionDate "2023.03.31"]
[SourceQuality "1"]

1. d4 Nf6 2. Nf3 g6 3. Nc3 d5 4. Bg5 Bg7 5. Bxf6 Bxf6 6. Qd2 Bg7 7. 0-0-0 c6 8. h4 h5 9. e4 Bh6 10. Ng5 f6 11. f4 fxg5 12. hxg5 Bg7 13. Bd3 0-0 14. f5 dxe4 15. Bc4+ Kh7 16. Qe2 Bxf5 17. Rxh5+ Bh6 18. Rxh6+ Kg7 19. Rdh1 1-0

[Event "GER Cup Net Final-A U2400"]
[Site "Playchess.com INT"]
[Date "2020.06.06"]
[Round "2"]
[White "Bennemann, Ingmar"]
[Black "Sohlmann, Jan Henning"]
[Result "0-1"]
[WhiteElo "1794"]
[BlackElo "2113"]
[PlyCount "74"]
[EventDate "2020.06.06"]
[EventType "swiss (blitz)"]
[EventRounds "13"]
[EventCountry "GER"]
[SourceTitle "CBM 197 Extra"]
[Source "ChessBase"]
[SourceDate "2020.09.30"]
[SourceVersion "1"]
[SourceVersionDate "2020.09.30"]
[SourceQuality "1"]

1. Nf3 Nf6 2. Nc3 g6 3. e4 d6 4. d4 Bg7 5. Bg5 h6 6. Bf4 g5 7. Be3 a6 8. Bd3 Nc6 9. h3 e5 10. g4 Qe7 11. dxe5 Nxe5 12. Nd4 c6 13. Qe2 Be6 14. Nf5 Bxf5 15. exf5 Nxd3+ 16. Qxd3 d5 17. 0-0-0 0-0-0 18. f3 Nd7 19. Bd4 Bxd4 20. Qxd4 Rhe8 21. b4 Qe3+ 22. Kb2 Qxd4 23. Rxd4 Ne5 24. f4 Nc4+ 25. Kb3 Re3 26. fxg5 hxg5 27. h4 gxh4 28. Rxh4 Rg3 29. Rh7 Nd6 30. a4 Rg8 31. Rh4 Re8 32. Kb2 Nc4+ 33. Kb3 Ree3 34. Rh8+ Kc7 35. Rh7 Rxc3+ 36. Ka2 Ra3+ 37. Kb1 Rg1+ 0-1

[Event "GER Cup Net Final-A U2400"]
[Site "Playchess.com INT"]
[Date "2020.06.06"]
[Round "7"]
[White "Kersten, Uwe"]
[Black "Bennemann, Ingmar"]
[Result "1-0"]
[WhiteElo "2020"]
[BlackElo "1763"]
[PlyCount "39"]
[EventDate "2020.06.06"]
[EventType "swiss (blitz)"]
[EventRounds "13"]
[EventCountry "GER"]
[SourceTitle "CBM 197 Extra"]
[Source "ChessBase"]
[SourceDate "2020.09.30"]
[SourceVersion "1"]
[SourceVersionDate "2020.09.30"]
[SourceQuality "1"]

1. e4 Nf6 2. e5 Nd5 3. d4 d6 4. Nf3 Nc6 5. c4 Nb6 6. e6 fxe6 7. Be3 g6 8. h4 Bg7 9. h5 Qd7 10. hxg6 hxg6 11. Rxh8+ Bxh8 12. Bd3 e5 13. Bxg6+ Kd8 14. d5 Qg4 15. Ng5 Qxg2 16. Nf7+ Ke8 17. Nxh8+ Kf8 18. Qh5 Qg1+ 19. Kd2 Nxc4+ 20. Kc3 1-0

[Event "GER Cup Net Final-A U2400"]
[Site "Playchess.com INT"]
[Date "2020.06.06"]
[Round "5"]
[White "Lantzsch, Christian"]
[Black "Bennemann, Ingmar"]
[Result "1-0"]
[WhiteElo "2055"]
[BlackElo "1776"]
[PlyCount "65"]
[EventDate "2020.06.06"]
[EventType "swiss (blitz)"]
[EventRounds "13"]
[EventCountry "GER"]
[SourceTitle "CBM 197 Extra"]
[Source "ChessBase"]
[SourceDate "2020.09.30"]
[SourceVersion "1"]
[SourceVersionDate "2020.09.30"]
[SourceQuality "1"]

1. e4 Nf6 2. d3 e5 3. Be2 Nc6 4. Nf3 d5 5. exd5 Nxd5 6. 0-0 Be7 7. Re1 0-0 8. Nbd2 Re8 9. Nc4 Bc5 10. Bf1 f6 11. a3 a5 12. c3 Bg4 13. Ne3 Be6 14. d4 exd4 15. cxd4 Bb6 16. Bb5 Bf7 17. Bd2 Re7 18. Rc1 Na7 19. Bc4 c6 20. Qb3 Nc8 21. Nxd5 cxd5 22. Bd3 a4 23. Qc2 Nd6 24. Bxh7+ Kf8 25. Bd3 Rc8 26. Qb1 Nc4 27. Bc3 Qe8 28. Bf5 Rcc7 29. Bb4 Kg8 30. Bxe7 Rxe7 31. Rxe7 Qxe7 32. Qc2 Qd6 33. Qxa4 1-0

[Event "GER Cup Net V3 U2400"]
[Site "Playchess.com INT"]
[Date "2020.05.27"]
[Round "2"]
[White "Bennemann, Ingmar"]
[Black "Schulz, Michael4444"]
[Result "0-1"]
[WhiteElo "1796"]
[BlackElo "1978"]
[PlyCount "62"]
[EventDate "2020.05.27"]
[EventType "swiss (blitz)"]
[EventRounds "9"]
[EventCountry "GER"]
[SourceTitle "EXT 2021"]
[Source "ChessBase"]
[SourceDate "2020.10.23"]
[SourceVersion "1"]
[SourceVersionDate "2020.10.23"]
[SourceQuality "1"]

1. f4 g6 2. e4 Bg7 3. Nf3 c6 4. d3 d5 5. Nbd2 Bg4 6. Be2 Nh6 7. 0-0 0-0 8. Qe1 e6 9. h3 Bxf3 10. Nxf3 f5 11. Ng5 Qe7 12. Bf3 fxe4 13. dxe4 d4 14. e5 Nf7 15. Ne4 Nd7 16. Bd2 Rad8 17. Rd1 c5 18. c4 b6 19. b4 Nh6 20. g4 Nf7 21. a3 g5 22. bxc5 bxc5 23. fxg5 Nfxe5 24. Bg2 Nxc4 25. Nf6+ Nxf6 26. gxf6 Rxf6 27. Rxf6 Qxf6 28. Bc1 Ne5 29. Qg3 Ng6 30. Rf1 Qe5 31. Qd3 Rf8 0-1

[Event "GER Cup Net V2 U2400"]
[Site "Playchess.com INT"]
[Date "2020.05.22"]
[Round "5"]
[White "Laqua, Christian"]
[Black "Bennemann, Ingmar"]
[Result "1-0"]
[WhiteElo "1957"]
[BlackElo "1805"]
[PlyCount "57"]
[EventDate "2020.05.22"]
[EventType "swiss (blitz)"]
[EventRounds "9"]
[EventCountry "GER"]
[SourceTitle "EXT 2021"]
[Source "ChessBase"]
[SourceDate "2020.10.23"]
[SourceVersion "1"]
[SourceVersionDate "2020.10.23"]
[SourceQuality "1"]

1. c4 e5 2. g3 Nf6 3. Bg2 c6 4. d4 e4 5. Nc3 d5 6. Bg5 Bb4 7. Rc1 0-0 8. e3 Be6 9. cxd5 cxd5 10. Nge2 Na6 11. 0-0 Nc7 12. Nf4 h6 13. Bxf6 Qxf6 14. Nxe4 dxe4 15. Rxc7 Bxa2 16. b3 Rfc8 17. Rxb7 Bf8 18. Bxe4 Rab8 19. Qa1 Rxb7 20. Bxb7 Rb8 21. Qxa2 Rxb7 22. Rc1 g6 23. Rc8 Kg7 24. h4 Qf5 25. Qc2 Qd7 26. Nd3 Be7 27. Ne5 Qe6 28. Rc3 a5 29. Nc6 1-0

[Event "GER Cup Net V2 U2400"]
[Site "Playchess.com INT"]
[Date "2020.05.22"]
[Round "4"]
[White "Lesny, Florian"]
[Black "Bennemann, Ingmar"]
[Result "1-0"]
[WhiteElo "1921"]
[BlackElo "1819"]
[PlyCount "107"]
[EventDate "2020.05.22"]
[EventType "swiss (blitz)"]
[EventRounds "9"]
[EventCountry "GER"]
[SourceTitle "EXT 2021"]
[Source "ChessBase"]
[SourceDate "2020.10.23"]
[SourceVersion "1"]
[SourceVersionDate "2020.10.23"]
[SourceQuality "1"]

1. e4 c6 2. d4 d5 3. Nc3 dxe4 4. Nxe4 Nf6 5. Nxf6+ exf6 6. c3 Bd6 7. Bd3 0-0 8. Ne2 Re8 9. 0-0 h5 10. Qc2 h4 11. h3 Nd7 12. Bd2 Qc7 13. Rfe1 Nf8 14. Bf5 Be6 15. Bxe6 Rxe6 16. Nc1 Rae8 17. Nd3 g6 18. c4 f5 19. Rxe6 Rxe6 20. Bg5 Be7 21. Bf4 Qd8 22. Qc3 Bf6 23. Be5 Nd7 24. Bxf6 Nxf6 25. Nc5 Ne4 26. Nxe6 Qf6 27. Qe3 fxe6 28. Rd1 b6 29. b3 Kf7 30. Qf4 g5 31. Qc7+ Qe7 32. Qxe7+ Kxe7 33. Rd3 Kd6 34. g3 Nf6 35. Kg2 Nh5 36. gxh4 Nf4+ 37. Kf3 Nxd3 38. hxg5 Ke7 39. Ke3 Nb4 40. a3 Na6 41. h4 Kf7 42. h5 Nc7 43. Kf4 Ne8 44. Ke5 Ng7 45. g6+ Kg8 46. h6 Nh5 47. Kxe6 Nf4+ 48. Kxf5 Nd3 49. d5 cxd5 50. cxd5 Nc5 51. d6 Nd7 52. Ke6 Nc5+ 53. Ke7 Ne4 54. d7 1-0

[Event "GER Cup Net V2 U2400"]
[Site "Playchess.com INT"]
[Date "2020.05.22"]
[Round "2"]
[White "Vatter, Hans Joachim"]
[Black "Bennemann, Ingmar"]
[Result "0-1"]
[WhiteElo "1976"]
[BlackElo "1804"]
[PlyCount "68"]
[EventDate "2020.05.22"]
[EventType "swiss (blitz)"]
[EventRounds "9"]
[EventCountry "GER"]
[SourceTitle "EXT 2021"]
[Source "ChessBase"]
[SourceDate "2020.10.23"]
[SourceVersion "1"]
[SourceVersionDate "2020.10.23"]
[SourceQuality "1"]

1. e4 c6 2. c4 d5 3. exd5 Nf6 4. dxc6 Nxc6 5. Nf3 e5 6. d3 e4 7. Ng5 Bb4+ 8. Nc3 0-0 9. Ngxe4 Nxe4 10. dxe4 Qh4 11. Bd3 Rd8 12. Qe2 Bg4 13. Qe3 Rxd3 14. Qxd3 Rd8 15. Qc2 Rd1+ 16. Qxd1 Bxd1 17. Kxd1 Qxf2 18. Bd2 Ne5 19. Re1 Nxc4 20. Re2 Qf1+ 21. Re1 Qd3 22. Re2 Nxb2+ 23. Ke1 Nc4 24. Rd1 Nxd2 25. Rdxd2 Bxc3 26. Kf2 Bxd2 27. g3 Qd4+ 28. Kf3 h5 29. h3 Qd3+ 30. Kf2 Qd4+ 31. Kf3 b5 32. e5 a5 33. g4 hxg4+ 34. hxg4 b4 0-1

[Event "GER Cup Net V1 U2400"]
[Site "Playchess.com INT"]
[Date "2020.05.19"]
[Round "7"]
[White "Schulz, Karsten"]
[Black "Bennemann, Ingmar"]
[Result "1-0"]
[WhiteElo "2294"]
[BlackElo "1784"]
[PlyCount "83"]
[EventDate "2020.05.19"]
[EventType "swiss (blitz)"]
[EventRounds "9"]
[EventCountry "GER"]
[SourceTitle "EXT 2021"]
[Source "ChessBase"]
[SourceDate "2020.10.23"]
[SourceVersion "1"]
[SourceVersionDate "2020.10.23"]
[SourceQuality "1"]

1. Nf3 d6 2. d4 f5 3. Nc3 Nf6 4. Bg5 e6 5. e4 fxe4 6. Nxe4 Be7 7. Bxf6 Bxf6 8. Bd3 Nc6 9. c3 Bd7 10. Qe2 Qe7 11. 0-0-0 0-0-0 12. Kb1 Rde8 13. Rhe1 Rhf8 14. Nfd2 g6 15. Nxf6 Qxf6 16. f3 e5 17. d5 Ne7 18. c4 Nf5 19. Nb3 Qg5 20. c5 Ba4 21. Bb5 Bxb3 22. axb3 Re7 23. Bc6 a6 24. g4 Nh4 25. cxd6 cxd6 26. Rc1 Kb8 27. Qc4 Qf4 28. Re4 Qxf3 29. Qb4 Rf4 30. Qxd6+ Rc7 31. Rxf4 Qxf4 32. Rc2 Qf1+ 33. Ka2 Qd3 34. Qd8+ Rc8 35. Qd6+ Rc7 36. Rc3 Qd4 37. Bxb7 Kxb7 38. Qxc7+ Ka8 39. Qc8+ Ka7 40. Qc5+ Qxc5 41. Rxc5 Kb7 42. d6 1-0

[Event "GER-ch NSV Online 1st"]
[Site "Playchess.com INT"]
[Date "2020.04.26"]
[Round "5"]
[White "Kirk, Alexander"]
[Black "Bennemann, Ingmar"]
[Result "1-0"]
[WhiteElo "1685"]
[BlackElo "2085"]
[PlyCount "135"]
[EventDate "2020.04.26"]
[EventType "swiss (blitz)"]
[EventRounds "13"]
[EventCountry "GER"]
[SourceTitle "CBM 196 Extra"]
[Source "ChessBase"]
[SourceDate "2020.07.31"]
[SourceVersion "1"]
[SourceVersionDate "2020.07.31"]
[SourceQuality "1"]

1. e4 Nc6 2. Nc3 e6 3. Bc4 Nf6 4. d3 d5 5. exd5 exd5 6. Bb3 Be7 7. Nf3 0-0 8. 0-0 h6 9. Bf4 Bg4 10. h3 Bf5 11. Qd2 a6 12. Rab1 d4 13. Ne2 Re8 14. Ba4 b5 15. Bb3 Bf8 16. Rfe1 Qd7 17. Ng3 Bh7 18. Ne5 Nxe5 19. Bxe5 Be7 20. Qf4 c5 21. Bxf6 Bxf6 22. Nh5 Bg5 23. Qf3 Rxe1+ 24. Rxe1 Re8 25. Kf1 Rxe1+ 26. Kxe1 Qe7+ 27. Kf1 Bg6 28. Nf4 Bxf4 29. Qxf4 Qd7 30. Qf3 Qc7 31. Bd5 c4 32. g3 cxd3 33. cxd3 Qc5 34. Be4 Qc1+ 35. Kg2 Qxb2 36. Bxg6 fxg6 37. Qd5+ Kh7 38. Kf3 a5 39. g4 a4 40. h4 b4 41. h5 gxh5 42. Qf5+ Kg8 43. Qc8+ Kf7 44. Qf5+ Ke7 45. Qe5+ Kd7 46. Qxg7+ Ke6 47. Qxh6+ Kd5 48. Qxh5+ Kc6 49. Qg6+ Kd7 50. Qf7+ Kd6 51. Qf6+ Kd7 52. Qf7+ Kd6 53. Qf8+ Ke6 54. Qe8+ Kd6 55. Qxa4 Qc3 56. Qb3 Qd2 57. Qc4 Ke5 58. Qc5+ Ke6 59. Qc6+ Kf7 60. Qc7+ Ke6 61. Qc8+ Kf7 62. Qd7+ Kg6 63. Qe6+ Kg7 64. Qe5+ Kg6 65. Qf5+ Kg7 66. Qe5+ Kg6 67. Qxd4 Qb2 68. Qxb2 1-0

[Event "GER-ch Net blitz qual5"]
[Site "Playchess.com INT"]
[Date "2020.03.28"]
[Round "11"]
[White "Bennemann, Ingmar"]
[Black "Carlstedt, Jonathan"]
[Result "0-1"]
[WhiteElo "2085"]
[BlackElo "2451"]
[PlyCount "80"]
[EventDate "2020.03.28"]
[EventType "swiss (blitz)"]
[EventRounds "13"]
[EventCountry "GER"]
[SourceTitle "CBM 195 Extra"]
[Source "ChessBase"]
[SourceDate "2020.05.31"]
[SourceVersion "1"]
[SourceVersionDate "2020.05.31"]
[SourceQuality "1"]

1. d4 g6 2. e4 Bg7 3. Nc3 d6 4. h4 h5 5. Nh3 c6 6. Ng5 b5 7. Be3 f6 8. Nh3 Nh6 9. Nf4 Kf7 10. d5 b4 11. Bc4 c5 12. Nce2 Nd7 13. Ne6 Qa5 14. Qd2 Ng4 15. 0-0 Nde5 16. b3 Nxc4 17. bxc4 Ba6 18. N2f4 Ne5 19. Nxg7 Kxg7 20. Ne6+ Kf7 21. Rfe1 Nxc4 22. Qc1 Bc8 23. f4 Bxe6 24. dxe6+ Kxe6 25. f5+ gxf5 26. exf5+ Kxf5 27. Rf1+ Kg6 28. Bf4 e5 29. Bg3 Qa3 30. Kh2 Qxc1 31. Raxc1 f5 32. c3 bxc3 33. Rxc3 Nd2 34. Rd1 Ne4 35. Rc4 Rhd8 36. Be1 d5 37. Ra4 d4 38. Ba5 Rd5 39. Bb6 Nc3 40. Ra6 Rd6 0-1

[Event "GER-ch Net blitz qual5"]
[Site "Playchess.com INT"]
[Date "2020.03.28"]
[Round "9"]
[White "Bennemann, Ingmar"]
[Black "Pohle, Saskia"]
[Result "1-0"]
[WhiteElo "2085"]
[BlackElo "1707"]
[PlyCount "41"]
[EventDate "2020.03.28"]
[EventType "swiss (blitz)"]
[EventRounds "13"]
[EventCountry "GER"]
[SourceTitle "CBM 195 Extra"]
[Source "ChessBase"]
[SourceDate "2020.05.31"]
[SourceVersion "1"]
[SourceVersionDate "2020.05.31"]
[SourceQuality "1"]

1. d4 Nf6 2. Nf3 g6 3. Nc3 d5 4. Bg5 Bg7 5. Bxf6 Bxf6 6. e4 dxe4 7. Nxe4 Bg7 8. Bc4 0-0 9. Qd2 Nc6 10. 0-0-0 a5 11. h4 a4 12. h5 a3 13. b4 Ra4 14. c3 Bf5 15. Nc5 Ra8 16. Qf4 b6 17. g4 bxc5 18. gxf5 cxb4 19. hxg6 hxg6 20. fxg6 bxc3 21. gxf7+ 1-0

[Event "GER-ch Net blitz qual5"]
[Site "Playchess.com INT"]
[Date "2020.03.28"]
[Round "3"]
[White "Schulze, Lara"]
[Black "Bennemann, Ingmar"]
[Result "1-0"]
[WhiteElo "2314"]
[BlackElo "2085"]
[PlyCount "85"]
[EventDate "2020.03.28"]
[EventType "swiss (blitz)"]
[EventRounds "13"]
[EventCountry "GER"]
[SourceTitle "CBM 195 Extra"]
[Source "ChessBase"]
[SourceDate "2020.05.31"]
[SourceVersion "1"]
[SourceVersionDate "2020.05.31"]
[SourceQuality "1"]

1. e4 Nf6 2. e5 Nd5 3. d4 d6 4. Nf3 Nc6 5. exd6 exd6 6. c4 Nb6 7. Nc3 Be7 8. Bd3 0-0 9. 0-0 Bf6 10. Be3 d5 11. c5 Nc4 12. Bxc4 dxc4 13. Qa4 Bg4 14. Qxc4 Bxf3 15. gxf3 Nxd4 16. Bxd4 Qxd4 17. Qxd4 Bxd4 18. Rac1 c6 19. b4 Rfe8 20. Ne4 Re6 21. Rfd1 Be5 22. Rd7 Rg6+ 23. Kf1 Bxh2 24. Ke2 Re8 25. Kd3 Bf4 26. Re1 Rge6 27. Rg1 g6 28. Rxb7 f5 29. Nc3 Rd8+ 30. Kc4 Be5 31. Rh1 h5 32. Rxa7 Rd4+ 33. Kb3 Rd3 34. Rc1 Rxf3 35. a4 h4 36. b5 cxb5 37. axb5 h3 38. c6 h2 39. c7 Rxc3+ 40. Rxc3 Bxc7 41. Ra1 Re2 42. Rxc7 Rxf2 43. Ra8# 1-0

[Event "GER-ch Net blitz qual4"]
[Site "Playchess.com INT"]
[Date "2020.03.23"]
[Round "2"]
[White "Bennemann, Ingmar"]
[Black "Arnold, Max"]
[Result "1-0"]
[WhiteElo "2085"]
[BlackElo "2283"]
[PlyCount "73"]
[EventDate "2020.03.23"]
[EventType "swiss (blitz)"]
[EventRounds "9"]
[EventCountry "GER"]
[SourceTitle "CBM 195 Extra"]
[Source "ChessBase"]
[SourceDate "2020.05.31"]
[SourceVersion "1"]
[SourceVersionDate "2020.05.31"]
[SourceQuality "1"]

1. d4 Nf6 2. Nf3 e6 3. Bg5 c5 4. Nc3 h6 5. Bxf6 Qxf6 6. d5 a6 7. a4 d6 8. e4 e5 9. Nd2 Qd8 10. Nc4 Be7 11. g3 0-0 12. Bg2 Nd7 13. 0-0 Nb6 14. Ne3 Bg5 15. f4 exf4 16. gxf4 Bf6 17. a5 Bd4 18. Qd3 Nc4 19. Qxc4 Bxe3+ 20. Kh1 Qh4 21. Ne2 Bg4 22. Ra3 Bxe2 23. Qxe2 Bxf4 24. Rh3 Qg5 25. Rh5 Qf6 26. Rf5 Qxb2 27. R5xf4 Qc3 28. Qf2 f6 29. Qg3 Qxa5 30. Bh3 Rae8 31. Be6+ Kh8 32. Qg6 Rxe6 33. dxe6 Qc7 34. Rg1 Qe7 35. Rh4 Ra8 36. Rg3 a5 37. Rgh3 1-0

[Event "GER-ch Net blitz qual4"]
[Site "Playchess.com INT"]
[Date "2020.03.23"]
[Round "8"]
[White "Bennemann, Ingmar"]
[Black "Costa, Leonardo"]
[Result "1-0"]
[WhiteElo "2085"]
[BlackElo "2091"]
[PlyCount "67"]
[EventDate "2020.03.23"]
[EventType "swiss (blitz)"]
[EventRounds "9"]
[EventCountry "GER"]
[SourceTitle "CBM 195 Extra"]
[Source "ChessBase"]
[SourceDate "2020.05.31"]
[SourceVersion "1"]
[SourceVersionDate "2020.05.31"]
[SourceQuality "1"]

1. d4 Nf6 2. Nf3 g6 3. Nc3 Bg7 4. e4 d6 5. Bg5 0-0 6. Qd2 c6 7. Bh6 b5 8. Bd3 Qa5 9. h4 Bxh6 10. Qxh6 b4 11. Ne2 b3+ 12. Nc3 bxc2 13. Bxc2 Na6 14. Ng5 Nb4 15. Rc1 Nxa2 16. Ra1 Be6 17. Nxe6 fxe6 18. Rxa2 Qb4 19. Qd2 e5 20. Ne2 Qxd2+ 21. Kxd2 Ng4 22. f3 Nf6 23. Ra6 exd4 24. Nxd4 c5 25. Ne6 Rfb8 26. Kc3 Kf7 27. Ng5+ Kg7 28. Rha1 Rb7 29. R1a2 h6 30. Ne6+ Kf7 31. Nf4 Ne8 32. e5 dxe5 33. Bxg6+ Kg7 34. Be4 1-0

[Event "GER-ch Net blitz qual4"]
[Site "Playchess.com INT"]
[Date "2020.03.23"]
[Round "5"]
[White "Hagenbeck Huebert, Ben"]
[Black "Bennemann, Ingmar"]
[Result "1/2-1/2"]
[WhiteElo "1749"]
[BlackElo "2085"]
[PlyCount "128"]
[EventDate "2020.03.23"]
[EventType "swiss (blitz)"]
[EventRounds "9"]
[EventCountry "GER"]
[SourceTitle "CBM 195 Extra"]
[Source "ChessBase"]
[SourceDate "2020.05.31"]
[SourceVersion "1"]
[SourceVersionDate "2020.05.31"]
[SourceQuality "1"]

1. e4 Nf6 2. Nc3 d5 3. exd5 Nxd5 4. Nxd5 Qxd5 5. Nf3 e5 6. Be2 Nc6 7. d3 Be7 8. Be3 0-0 9. 0-0 f5 10. d4 f4 11. Bc1 exd4 12. b3 Kh8 13. Bc4 Qd6 14. Re1 Bg4 15. h3 Bh5 16. Bb2 Bf6 17. Re4 Bg6 18. Re6 Qd7 19. Qd2 b5 20. Rxc6 Qxc6 21. Bd3 Bxd3 22. Qxd3 Rad8 23. Re1 Rfe8 24. Rxe8+ Qxe8 25. Kf1 c5 26. Qf5 Qe7 27. Qxf4 Re8 28. Qd2 Qe4 29. a4 a6 30. axb5 axb5 31. Qd1 d3 32. cxd3 Qe6 33. Bc1 Bd4 34. Qd2 Qf6 35. Qd1 Bc3 36. Bd2 Bxd2 37. Nxd2 Qd4 38. Nf3 Qc3 39. Qb1 Rd8 40. Ne1 h6 41. Qd1 Rd4 42. Qb1 c4 43. bxc4 bxc4 44. dxc4 Qxc4+ 45. Kg1 Qd5 46. Qb8+ Kh7 47. Qb1+ g6 48. Qc1 Rd1 49. Qc7+ Kg8 50. Qc8+ Kf7 51. Qc7+ Kf6 52. Qc3+ Ke6 53. Qe3+ Qe5 54. Qb3+ Kf6 55. Qxd1 g5 56. Kf1 Kg6 57. Kg1 Qf5 58. Kf1 Qb5+ 59. Kg1 Qe5 60. Qd3+ Kf6 61. Qd1 Qb5 62. Qd3 Qe5 63. Qf3+ Kg6 64. Qd3+ Kf6 1/2-1/2

[Event "GER-ch Net blitz qual4"]
[Site "Playchess.com INT"]
[Date "2020.03.23"]
[Round "6"]
[White "Operaugo, Thomas"]
[Black "Bennemann, Ingmar"]
[Result "1-0"]
[WhiteElo "1769"]
[BlackElo "2085"]
[PlyCount "77"]
[EventDate "2020.03.23"]
[EventType "swiss (blitz)"]
[EventRounds "9"]
[EventCountry "GER"]
[SourceTitle "CBM 195 Extra"]
[Source "ChessBase"]
[SourceDate "2020.05.31"]
[SourceVersion "1"]
[SourceVersionDate "2020.05.31"]
[SourceQuality "1"]

1. e4 Nf6 2. e5 Nd5 3. Nc3 Nxc3 4. dxc3 Nc6 5. Nf3 d6 6. Bf4 Bg4 7. Be2 e6 8. h3 Bh5 9. g4 Bg6 10. Qd2 Qd7 11. 0-0-0 0-0-0 12. h4 h5 13. g5 d5 14. Rhe1 Na5 15. Kb1 Qa4 16. Bd3 Nc4 17. Bxc4 Qxc4 18. Be3 Be7 19. Nd4 c5 20. b3 Qa6 21. Nf3 Bf5 22. Ng1 Kb8 23. f3 c4 24. Qc1 Ba3 25. Qd2 Qb5 26. Ka1 cxb3 27. cxb3 Rc8 28. Ne2 Bg6 29. Nd4 Qd7 30. Nc2 Be7 31. Bd4 Qc7 32. Ne3 Qa5 33. f4 Ba3 34. f5 exf5 35. Nxd5 Qxd5 36. Bxa7+ Kxa7 37. Qxd5 Rxc3 38. Qa5+ Kb8 39. Qxc3 1-0

[Event "GER-ch Net blitz qual3"]
[Site "Playchess.com INT"]
[Date "2020.03.21"]
[Round "1"]
[White "Bennemann, Ingmar"]
[Black "Elpelt, Frank"]
[Result "1-0"]
[WhiteElo "2085"]
[BlackElo "1612"]
[PlyCount "51"]
[EventDate "2020.03.21"]
[EventType "swiss (blitz)"]
[EventRounds "9"]
[EventCountry "GER"]
[SourceTitle "CBM 195 Extra"]
[Source "ChessBase"]
[SourceDate "2020.05.31"]
[SourceVersion "1"]
[SourceVersionDate "2020.05.31"]
[SourceQuality "1"]

1. d4 Nf6 2. Nf3 b6 3. Bg5 e6 4. e4 Be7 5. Bd3 Bb7 6. Qe2 0-0 7. Nbd2 h6 8. Bxf6 Bxf6 9. e5 Be7 10. Be4 Bxe4 11. Qxe4 Nc6 12. c3 d5 13. Qg4 Qd7 14. h4 f6 15. 0-0-0 fxe5 16. dxe5 Bc5 17. Ne4 Be7 18. h5 Rae8 19. Rh3 Rf5 20. Rg3 Bf8 21. Nf6+ Rxf6 22. exf6 Ne5 23. Nxe5 Qd6 24. f7+ Kh8 25. fxe8Q c5 26. Qxg7# 1-0